-
PRASAD, DR. MAHESH AND JHA, DR ANTESH KUMAR & SRIVASTAV, MR. RITESH KUMAR
Entry Personal Name
Number of records used in: 1
001 - CONTROL NUMBER
003 - CONTROL NUMBER IDENTIFIER
005 - DATE AND TIME OF LATEST TRANSACTION
- control field:
20250917120618.0
008 - FIXED-LENGTH DATA ELEMENTS
- fixed length control field:
250917|| aca||aabn | a|a d
040 ## - CATALOGING SOURCE
- Original cataloging agency:
JRU
- Transcribing agency:
JRU
100 ## - HEADING--PERSONAL NAME
- Personal name:
PRASAD, DR. MAHESH AND JHA, DR ANTESH KUMAR & SRIVASTAV, MR. RITESH KUMAR
670 ## - SOURCE DATA FOUND
- Source citation:
Work cat.: (JRU)8828: PRASAD, DR. MAHESH AND JHA, DR ANTESH KUMAR & SRIVASTAV, MR. RITESH KUMAR , A TEXT BOOK OF HUMAN ANATOMY AND PHYSIOLOGY - I [ 1ST YEAR B. PHARM.] SEM-1